| 000 | 01429cam a2200421 ab4500 | ||
|---|---|---|---|
| 999 |
_c23492 _d23492 |
||
| 001 | vtls010684310 | ||
| 005 | 20221013130048.0 | ||
| 008 | 201207s2015 xo g 000 f slo | ||
| 020 |
_a9788081592041 _q(viazané) |
||
| 035 | _aD01B23AB-7C15-4E64-A3BE-0E114A356E71 | ||
| 035 | _aurn:nbn:sk:snk-am3ib6p | ||
| 035 | _aurn:nbn:sk:snk-am00e0nf | ||
| 040 |
_aPPPK _bslo _cPPPK _dSNK _eAACR2 |
||
| 041 | 1 |
_aslo _hnor |
|
| 044 |
_axo _cSK |
||
| 072 | 7 |
_a821.11 _xGermánske literatúry _2konspekt |
|
| 080 |
_a821.113.4-31 _22011 |
||
| 080 |
_a(0:82-312.4) _22011 |
||
| 100 | 1 |
_aSveen, Gard, _d1969- _93722 |
|
| 240 | 1 | 0 |
_aDen siste pilegrimen _lSlovensky |
| 245 | 1 | 0 |
_aPosledný pútnik _cGard Sveen ; z nórčiny preložila Zuzana Demjánová |
| 246 | 1 |
_i1. zväzok série: _aTommy Bergmann |
|
| 250 | _a1. vyd. | ||
| 260 |
_a[Bratislava] _bPremedia _c2015 |
||
| 300 |
_a455 _c21 cm |
||
| 490 | 1 |
_aLabyrint _v11. zv. |
|
| 500 | _aNa obálke: Severská detektívka roku 2014 | ||
| 500 | _aMiesto vydania podľa ISBN | ||
| 500 | _aÚdaje o sérií prevzaté z 3. dielu série | ||
| 655 | 7 |
_anórske romány _2SNKPH _92134 |
|
| 655 | 7 |
_adetektívne romány _2SNKPH _91710 |
|
| 655 | 7 |
_aNorwegian fiction _2SNKPHeng _92136 |
|
| 655 | 7 |
_aDetective novels _2SNKPHeng _91711 |
|
| 700 | 1 |
_aDemjánová, Zuzana, _d1977 _4trl _93662 |
|
| 958 | _aLX | ||
| 958 | _aUP | ||